000 00329pab a2200133 454500
008 180718b2001 xxu||||| |||| 00| 0 eng d
100 _aBlaney, Susie
245 _aGwent police: a holistic approach to health and safety
260 _c2001
300 _ap.72-75
650 _aPolice
773 _aPolice Journal
909 _a47885
999 _c47885
_d47885